000 00655cam a22002293a 4500
001 9906
003 PGUSA
005 20140828083217.0
008 060201s2006||||xxu|||||s|||||000 1 eng d
040 _aPGUSA
_beng
042 _adc
050 4 _aPS
100 1 _aJanvier, Thomas A.
_q(Thomas Allibone),
_d1849-1913
245 1 0 _aIn the Sargasso Sea :
_bA Novel
_h[electronic resource] /
_cThomas A. Janvier
260 _bProject Gutenberg,
_c2006
506 _aPublic domain in the USA.
516 _aElectronic text
653 _aScience fiction
830 0 _aProject Gutenberg
_v9906
856 4 0 _uhttp://www.gutenberg.org/ebooks/9906
942 _cEB
999 _c239162
_d239162